零基础学会素描 (Record no. 322807)

000 -LEADER
fixed length control field 00367 a2200145 4500
020 ## - ISBN
ISBN 9787571301590
082 ## - 索书号 Call Number
分类号Classification number 948.2
作者号 Author number 4600
100 ## - 作者
作者 王金 著;陈晓杰 主编
245 ## - 书名 TITLE
书名Title 零基础学会素描
250 ## - 版本 EDITION STATEMENT
版本叙述 Edition statement 初版;平装
260 ## - 出版项PUBLICATION, DISTRIBUTION, ETC. (IMPRINT)
出版社 Name of publisher 江苏凤凰科学技术出版社
出版日期 Date of publication 2019
出版地 Place of publication 南京
300 ## - 稽核项 PHYSICAL DESCRIPTION
页数 Number of Pages 160页
尺寸 Dimensions 26公分
500 ## - 一般附注 GENERAL NOTE
附注 General note
942 ## - ADDED ENTRY ELEMENTS (KOHA)
Koha item type Books
Holdings
Source of classification or shelving scheme Not for loan Permanent Location Current Location Shelving location Date acquired Source of acquisition Cost, normal purchase price Full call number Barcode Cost, replacement price Koha item type
    LIBRARY CHUNG HWA HIGH SCHOOL MUAR LIBRARY CHUNG HWA HIGH SCHOOL MUAR 9 艺术类(一楼) 2026-03-25 49.80 948.2 4600 050376 99.60 Books

Powered by Koha